| 000 | 00529nam a22001577a 4500 | ||
|---|---|---|---|
| 005 | 20250305172956.0 | ||
| 008 | 250305b |||||||| |||| 00| 0 eng d | ||
| 020 | _a9788120327078 | ||
| 050 | _aHF5667 | ||
| 245 |
_aAuditing: _bPrinciples and Practice / _cRavinder Kumar ; Virender Sharma |
||
| 250 |
_aEastern Company Edition _bRevised Edition |
||
| 260 |
_aNew Delhi; _aIndia _bPHI Learning Private Limited _cc2009 |
||
| 300 |
_axvii; 641 _bIndex _c22cm |
||
| 650 |
_2Auditing _aPrinciples and Practice |
||
| 942 |
_2lcc _cBK _eRevised _n0 |
||
| 999 |
_c4517 _d4517 |
||